1475 1464 1618 1957 1684 1905 1279 1812 1117 1449 1707 1761 1999 1180 1698 1398 1575 1504 1423 1502 1880 1690 1715 1862 1104 1306 1738 1706 1591 1341 1563 1461 1601 1331 1426 1132 1240 1465 1323 1787 1638 1238 1158 1111 1831 1038 1192 1532 1466 1818 1697 1198 1772 1892 1991 1522 1771 1004 1704 1679 1569 1929 1217 1554 1324 1575 1320 1958 1436 1187 1527 1055 1470 1227 1175 1709 1623 1505 1098 1522 1430 1444 1870 1843 1251 1732 1739 1076 1847 1382 1208 1767 1729 1671 1330 1250 1289 1510 1096 BCNSPRNW ULIB Ver.6.0+V

เปลี่ยนเป็นภาษาไทย

Change to English
 แสดงรายละเอียดบรรณานุกรม
  กลับหน้าหลัก

Brief Record : Get Marc (ISO 2709) : E-mail record : QR code < ปิดหน้าต่าง
LEADER : 00000nam 2200000uu 4500
001    13399113575
003     ULIB
008    020711s2551 th a 000 0 tha d
020    ^a9789741373604
090    นว.P111ห 2551
100    ^aPink devil
245    ^aหนุ่มแสบสาววุ่น ชุลมุนโรงเรียนปีศาจ 3/^cPink devil
250    ^aพิมพ์ครั้งที่ 1
260    ^aกรุงเทพฯ :^bZ-Girl Fantasy,^c2551
300    ^a472 หน้า
945    ^p270^l0^i024500
999 ^a ทศพร
รายการนี้ยังไม่มีแท็ก
คุณยังไม่ได้ล็อกอิน คุณสามารถมีกิจกรรมร่วมกับเว็บไซต์ได้ แต่ต้องล็อกอินก่อน ::
  ล็อกอิน

รายการสื่อสารสนเทศ

ลำดับที่ ประเภท เลขเรียก/บาร์โค้ด สถานที่ สถานะ
1. นวนิยาย
นวนิยาย
นว.P111ห 2551 ฉ.1 
  Barcode: 024500
ห้องสมุดวิทยาเขตสวรรค์ประชารักษ์
►นวนิยาย
บนชั้น
  ขอยืม

BibComment


ยังไม่เคยถูกคอมเมนท์

คอมเมนท์ทรัพยากรรายการนี้
  คอมเมนท์: หนุ่มแสบสาววุ่น ..


 Copyright 2026. Bcnsprnw @Library